Nur di hatinya (Record no. 121640)

MARC details
000 -LEADER
fixed length control field 00640nam a2200241 i 4500
001 - CONTROL NUMBER
control field C2-0321118
003 - CONTROL NUMBER IDENTIFIER
control field PPAK
005 - DATE AND TIME OF LATEST TRANSACTION
control field 20180728120359.0
008 - FIXED-LENGTH DATA ELEMENTS--GENERAL INFORMATION
fixed length control field 130129s2011 my |||| ||||| | may d
020 ## - INTERNATIONAL STANDARD BOOK NUMBER
International Standard Book Number 9789831247204
040 ## - CATALOGING SOURCE
Original cataloging agency PPAK
Language of cataloging eng
Transcribing agency PPAK
Description conventions rda
082 04 - DEWEY DECIMAL CLASSIFICATION NUMBER
Classification number 899.233
Edition number 23
090 00 - LOCALLY ASSIGNED LC-TYPE CALL NUMBER (OCLC); LOCAL CALL NUMBER (RLIN)
Classification number (OCLC) (R) ; Classification number, CALL (RLIN) (NR) 899.233
Feature heading SIT
Feature heading G
100 0# - MAIN ENTRY--PERSONAL NAME
Personal name Siti Munirah,
Relator term author
245 10 - TITLE STATEMENT
Title Nur di hatinya
264 #1 - PRODUCTION, PUBLICATION, DISTRIBUTION, MANUFACTURE, AND COPYRIGHT NOTICE
Place of production, publication, distribution, manufacture Shah Alam, Selangor :
Name of producer, publisher, distributor, manufacturer Grup Buku Karangkraf ,
Date of production, publication, distribution, manufacture, or copyright notice 2011
300 ## - PHYSICAL DESCRIPTION
Extent 489 pages ;
Dimensions 18 cm
336 ## - CONTENT TYPE
Source rdacontent
Content type term text
337 ## - MEDIA TYPE
Source rdamedia
Media type term unmediated
338 ## - CARRIER TYPE
Source rdacarrier
Carrier type term volume
650 10 - SUBJECT ADDED ENTRY--TOPICAL TERM
Topical term or geographic name entry element Malay fiction.
942 ## - ADDED ENTRY ELEMENTS (KOHA)
-- dc
Koha item type Book
Holdings
Withdrawn Not for loan Current library Shelving location Date acquired Total Checkouts Total Renewals Full call number Barcode Date last seen Date last checked out Koha item type
    Perpustakaan Alor Setar Pinjaman Dewasa 12/02/2013 1 3 899.233 SIT A01413725 30/12/2018 03/12/2018 Book
    Perpustakaan Alor Setar Pinjaman Dewasa 12/02/2013     899.233 SIT A01413726 09/05/2018   Book
    Perpustakaan Baling Pinjaman Dewasa 12/02/2013     899.233 SIT A01413732 09/05/2018   Book
    Perpustakaan Bandar Baharu Pinjaman Dewasa 12/02/2013     899.233 SIT A01413733 09/05/2018   Book
    Perpustakaan Jitra Pinjaman Dewasa 12/02/2013     899.233 SIT A01413728 09/05/2018   Book
    Perpustakaan Kuala Nerang Pinjaman Dewasa 12/02/2013 1   899.233 SIT A01413735 22/09/2019 11/09/2019 Book
    Perpustakaan Kulim Pinjaman Dewasa 12/02/2013 1   899.233 SIT A01413734 08/07/2024 16/06/2024 Book
    Perpustakaan Langkawi Pinjaman Dewasa 12/02/2013 2   899.233 SIT A01413729 10/09/2019 18/08/2019 Book
    Perpustakaan Merbok Pinjaman Dewasa 12/02/2013     899.233 SIT A01413737 09/05/2018   Book
    Perpustakaan Sik Pinjaman Dewasa 12/02/2013 1 1 899.233 SIT A01413731 07/02/2024 11/10/2023 Book
    PD31, Kg. Gelam, Bedong Pinjaman Dewasa 12/02/2013     899.233 SIT A01413736 09/05/2018   Book